[Event "Pfalz op-B 9th"]
[Site "Neustadt an der Weinstrasse"]
[Date "2018.02.12"]
[Round "7"]
[White "Gutzen, Werner"]
[Black "Baeumer, Frank"]
[Result "1/2-1/2"]
[WhiteElo "1845"]
[BlackElo "1891"]
[PlyCount "79"]
[EventDate "2018.02.09"]
[EventType "swiss"]
[EventRounds "7"]
[EventCountry "GER"]
[SourceTitle "OM OTB B 201907"]
[Source "Opening Master"]
[SourceDate "2019.07.06"]
[SourceVersion "2"]
[SourceVersionDate "2019.07.06"]
[SourceQuality "1"]

1. e4 e5 2. Nf3 Nc6 3. c3 Nf6 4. d4 d5 5. Bb5 Nxe4 6. Nxe5 Bd7 7. Nxd7 Qxd7 8.
O-O Be7 9. Nd2 Nxd2 10. Bxd2 O-O 11. Qh5 a6 12. Bd3 g6 13. Qf3 Nd8 14. Rae1 Ne6
15. Qg4 Bf6 16. h4 Nc5 17. Qf3 Nxd3 18. Qxf6 Qc6 19. Qxc6 bxc6 20. Rb1 c5 21.
dxc5 Nxc5 22. c4 Ne4 23. Bh6 Rfd8 24. Rfd1 dxc4 25. Rxd8+ Rxd8 26. Rc1 Nd6 27.
Kf1 f6 28. Bf4 Rb8 29. Rc2 Kf7 30. b3 cxb3 31. Rxc7+ Ke6 32. axb3 Rxb3 33. Rc6
Rd3 34. Rxa6 h5 35. Ke2 Rd5 36. Ke3 Ke7 37. Rxd6 Rxd6 38. Bxd6+ Kxd6 39. f4 Kd5
40. Kd3 1/2-1/2

[Event "1/64 Finale"]
[Site "www.chess-mail.com"]
[Date "2018.02.09"]
[Round "1"]
[White "Bojan"]
[Black "Begory"]
[Result "1-0"]
[WhiteElo "1970"]
[BlackElo "1610"]
[PlyCount "69"]
[EventDate "2018.??.??"]

1. e4 e5 2. Nf3 Nc6 3. c3 Bc5 4. d4 exd4 5. cxd4 Bb6 6. d5 Nce7 7. Bc4 d6 8. a3
Nf6 9. Nc3 Ng4 10. Nd4 Bxd4 11. Qxd4 O-O 12. h3 Nf6 13. Bg5 Nd7 14. f4 f6 15.
Bh4 c6 16. O-O c5 17. Qe3 Nb6 18. Bb3 c4 19. Bc2 Re8 20. Nb5 a6 21. Nd4 Ng6 22.
Be1 Nxd5 23. Qd2 Nb6 24. g4 d5 25. Nf5 dxe4 26. Qxd8 Rxd8 27. Ba5 Bxf5 28. gxf5
Ne7 29. Bxb6 Rd2 30. Bxe4 Rxb2 31. Bc5 Kf7 32. Rfe1 g6 33. Bxe7 Re8 34. Bb4 b6
35. Bd5+ {resign} 1-0

[Event "2nd Marcel Duchamp Cup"]
[Site "Montevideo URU"]
[Date "2018.02.05"]
[Round "6.21"]
[White "Torres, Federico"]
[Black "Araque, Jairo"]
[Result "1-0"]
[WhiteElo "2159"]
[BlackElo "1928"]
[PlyCount "83"]
[EventDate "2018.02.02"]
[EventType "swiss"]
[EventRounds "9"]
[EventCountry "URU"]
[SourceTitle "The Week in Chess 1214"]
[Source "Mark Crowther"]
[SourceDate "2018.02.12"]
[SourceVersion "3"]
[SourceVersionDate "2018.02.13"]
[SourceQuality "2"]

1. e4 e5 2. Nf3 Nc6 3. c3 Nf6 4. d3 Bc5 5. Be2 O-O 6. h3 d5 7. Nbd2 a5 8. a4
Qe7 9. Qc2 Rd8 10. Nf1 h6 11. g4 dxe4 12. dxe4 Bxg4 13. hxg4 Nxg4 14. Be3 Bxe3
15. Nxe3 Nxe3 16. fxe3 Qc5 17. Kf2 Nb4 18. Qb1 Nc6 19. Rd1 Ne7 20. Qc2 g5 21.
Rxd8+ Rxd8 22. Rd1 Rxd1 23. Qxd1 Kg7 24. Qd7 Ng6 25. Qf5 c6 26. Qd7 b6 27. Bd1
Nf8 28. Qe8 Ne6 29. Bb3 Qd6 30. Bxe6 fxe6 31. Kg3 Qd1 32. Qe7+ Kh8 33. Qxe6 Qe2
34. Qxh6+ Kg8 35. Qxg5+ Kf8 36. Qd8+ Kg7 37. Qe7+ Kg8 38. Qe8+ Kg7 39. Qxe5+
Kg8 40. Qg5+ Kf8 41. Qf6+ Kg8 42. e5 1-0

[Event "14th Moscow Open A 2018"]
[Site "Moscow RUS"]
[Date "2018.02.04"]
[Round "9.64"]
[White "Borisenko, V."]
[Black "Guliev, Gasan"]
[Result "1/2-1/2"]
[WhiteElo "2330"]
[BlackElo "2202"]
[PlyCount "100"]
[EventDate "2018.01.27"]
[EventType "swiss"]
[EventRounds "9"]
[EventCountry "RUS"]
[SourceTitle "The Week in Chess 1215"]
[Source "Mark Crowther"]
[SourceDate "2018.02.19"]
[SourceVersion "1"]
[SourceVersionDate "2018.02.19"]
[SourceQuality "2"]

1. e4 e5 2. Nf3 Nc6 3. c3 d5 4. Qa4 f6 5. d3 Nge7 6. Be2 g6 7. h4 Be6 8. b4 Qd7
9. a3 Bg7 10. Qc2 O-O 11. Nbd2 a5 12. b5 Nd8 13. a4 c5 14. bxc6 Ndxc6 15. Ba3
Rfc8 16. O-O Nd4 17. Nxd4 exd4 18. c4 dxc4 19. Nxc4 Bxc4 20. dxc4 Nc6 21. c5
Rc7 22. h5 Ne5 23. Rfd1 Rd8 24. hxg6 hxg6 25. f4 Ng4 26. Qb3+ Kh7 27. Rd3 Bh6
28. Rad1 Bxf4 29. Bxg4 Qxg4 30. Rxd4 Rxd4 31. Rxd4 Be5 32. Rd8 Rg7 33. Qf3 Qh4
34. Qh3 Qxh3 35. gxh3 g5 36. Kf1 Kg6 37. Bc1 Rh7 38. Kg2 Bc7 39. Rg8+ Rg7 40.
Rxg7+ Kxg7 41. Kf3 Kf7 42. Kg4 Ke6 43. Bd2 Bd8 44. Bc3 Be7 45. Bxa5 Bxc5 46.
Bc3 Bd6 47. Be1 Be5 48. Bf2 Bc3 49. Bg3 Bd4 50. Bh2 Bc3 1/2-1/2

[Event "SVK-chT2B 1718"]
[Site "Slovakia"]
[Date "2018.02.04"]
[Round "7.2"]
[White "Podoba, Milan"]
[Black "Jurik, Karol"]
[Result "1/2-1/2"]
[WhiteElo "2039"]
[BlackElo "1878"]
[PlyCount "139"]
[EventDate "2017.10.28"]
[EventType "team-tourn"]
[EventRounds "11"]
[EventCountry "SVK"]
[SourceTitle "OM OTB B 201907"]
[Source "Opening Master"]
[SourceDate "2019.07.06"]
[SourceVersion "2"]
[SourceVersionDate "2019.07.06"]
[SourceQuality "1"]
[WhiteTeam "Povazske Podhradie"]
[BlackTeam "Lehota pod Vtacnikom"]
[WhiteTeamCountry "SVK"]
[BlackTeamCountry "SVK"]

1. e4 e5 2. Nf3 Nc6 3. c3 Nf6 4. d4 exd4 5. e5 Nd5 6. Qb3 Nb6 7. cxd4 d5 8. Be3
Be7 9. Nbd2 O-O 10. Bd3 f5 11. exf6 Bxf6 12. O-O Kh8 13. Rac1 a6 14. a3 Be6 15.
Qc2 Bg8 16. b4 Rc8 17. Nb3 Nd7 18. Bf5 Ne7 19. Bh3 b6 20. Ne5 Nxe5 21. dxe5
Bxe5 22. Bxc8 Nxc8 23. f4 Bd6 24. Nd4 Ne7 25. g3 Qd7 26. Rce1 h6 27. Qe2 Nf5
28. Nxf5 Qxf5 29. Bd4 Qg6 30. Be5 Bxe5 31. Qxe5 Qd3 32. Re3 Qc4 33. Rc3 Qa2 34.
Rxc7 Rf7 35. Rxf7 Bxf7 36. Qa1 Qd2 37. Qc1 Qd4+ 38. Rf2 Bg6 39. Qc8+ Kh7 40. f5
Bh5 41. Qxa6 Bg4 42. Qc8 Bh3 43. Qc1 Bxf5 44. Qd2 Bd3 45. h3 Qa1+ 46. Kh2 Be4
47. g4 Qh1+ 48. Kg3 Qg1+ 49. Kf4 Qh1 50. Kg3 Qg1+ 51. Kf4 Qh1 52. Qe3 Qa1 53.
Qxb6 Qxa3 54. Qd4 Qxh3 55. b5 Qh4 56. Re2 Qh1 57. Rxe4 Qh2+ 58. Ke3 dxe4 59.
Qxe4+ Kg8 60. Kd4 Qc7 61. Qe8+ Kh7 62. Qc6 Qd8+ 63. Kc4 Qg8+ 64. Kb4 Qf8+ 65.
Ka5 Qa3+ 66. Kb6 Qe3+ 67. Kb7 Qe7+ 68. Ka6 Qa3+ 69. Kb7 Qe7+ 70. Ka6 1/2-1/2

[Event "Turkish Cup 2018"]
[Site "Goynuk TUR"]
[Date "2018.02.01"]
[Round "8.133"]
[White "Yapici, Nazim"]
[Black "Sarioglu, Burak"]
[Result "1-0"]
[WhiteElo "1607"]
[BlackElo "1219"]
[PlyCount "65"]
[EventDate "2018.01.27"]
[SourceTitle "The Week in Chess 1213"]
[Source "Mark Crowther"]
[SourceDate "2018.02.05"]
[SourceVersion "1"]
[SourceVersionDate "2018.02.05"]
[SourceQuality "2"]
[WhiteTeam "BIREYSEL"]
[BlackTeam "ANTALYA BEYAZ KALE SATRANC SPOR KUL"]

1. e4 e5 2. Nf3 Nc6 3. c3 Nf6 4. Qc2 Bc5 5. Bb5 O-O 6. O-O Re8 7. Bxc6 dxc6 8.
d3 Bg4 9. Nbd2 Qd7 10. a4 a5 11. Nb3 Bxf3 12. gxf3 Bd6 13. Kh1 Qh3 14. Qe2 Nh5
15. Rg1 Re6 16. Rg2 Rf6 17. Be3 Qxf3 18. Qxf3 Rxf3 19. Rag1 g6 20. d4 Nf4 21.
Rg4 Nd3 22. Kg2 Rf6 23. Nd2 Nxb2 24. Rb1 Nxa4 25. Nc4 Re6 26. d5 cxd5 27. exd5
Ree8 28. Nxd6 Nxc3 29. Nxe8 Nxb1 30. Nf6+ Kg7 31. Nd7 f5 32. Rc4 a4 33. Rxc7
1-0

[Event "14th Moscow Open B w 2018"]
[Site "Moscow RUS"]
[Date "2018.02.01"]
[Round "6.50"]
[White "Salakhova, Adelya"]
[Black "Martysh, Darja"]
[Result "1-0"]
[WhiteElo "1696"]
[BlackElo "1894"]
[PlyCount "129"]
[EventDate "2018.01.27"]
[EventType "swiss"]
[EventRounds "9"]
[EventCountry "RUS"]
[SourceTitle "The Week in Chess 1215"]
[Source "Mark Crowther"]
[SourceDate "2018.02.19"]
[SourceVersion "1"]
[SourceVersionDate "2018.02.19"]
[SourceQuality "2"]

1. e4 e5 2. Nf3 Nc6 3. c3 Nf6 4. d3 d5 5. Nbd2 Bc5 6. b4 Bd6 7. a3 O-O 8. Be2
a5 9. Bb2 h6 10. O-O dxe4 11. dxe4 Be6 12. Qc2 Nh5 13. b5 Nf4 14. Rfe1 Nxe2+
15. Rxe2 Nb8 16. c4 Nd7 17. c5 Nxc5 18. Nxe5 Qe8 19. Nec4 Qxb5 20. a4 Qc6 21.
Qc3 f6 22. e5 Nxa4 23. Qb3 Nxb2 24. Qxb2 Bxc4 25. Nxc4 Qxc4 26. exd6 cxd6 27.
Rc1 Qa6 28. Re7 Rac8 29. Rb1 b6 30. Qb3+ Qc4 31. Qd1 b5 32. h3 d5 33. Qh5 Qd3
34. Rd1 Qa3 35. Qxd5+ Kh8 36. Qb7 Rb8 37. Qe4 f5 38. Qe5 Rg8 39. Re6 Rgf8 40.
Rxh6+ Kg8 41. Rg6 Rb7 42. Qd5+ Rff7 43. Qd8+ Kh7 44. Rg5 g6 45. Rg3 Qe7 46.
Qxa5 b4 47. Rb3 Qe2 48. Qd8 Rfe7 49. Qd2 Qc4 50. Qd3 Qc5 51. Qg3 Re4 52. Rbd3
Qe7 53. Rb3 Rb6 54. Kh2 Kg7 55. Rc1 Re5 56. Qf4 Re4 57. Qg3 Re5 58. Rc4 Qe6 59.
Rd3 Qe7 60. Rcd4 Rb7 61. h4 Kh7 62. h5 g5 63. f4 Re4 64. fxg5 b3 65. Rxe4 1-0

[Event "FICS rated lightning game"]
[Site "FICS freechess.org"]
[Date "2018.01.31"]
[Round "?"]
[White "Sasha"]
[Black "svadali"]
[Result "0-1"]
[WhiteElo "1544"]
[BlackElo "1431"]
[PlyCount "66"]
[EventDate "2018.??.??"]

1. e4 e5 2. Nf3 Nc6 3. c3 Bc5 4. d4 exd4 5. cxd4 Bb4+ 6. Nc3 Nge7 7. Bd3 O-O 8.
Be3 d5 9. O-O dxe4 10. Nxe4 f5 11. Ng3 f4 12. Qb3+ Kh8 13. Bb5 fxe3 14. fxe3
Bg4 15. Ne5 Nxe5 16. Qxb4 N5c6 17. Bxc6 Nxc6 18. Qc3 Rxf1+ 19. Rxf1 h6 20. h3
Be6 21. Nh5 Qg5 22. Nf4 Bf5 23. Qc5 Be4 24. Rf2 Qxc5 25. dxc5 Rd8 26. Ne6 Rd1+
27. Kh2 Ne5 28. Nxc7 Nd3 29. Rf8+ Kh7 30. Ne6 Rd2 31. Nf4 Nxf4 32. exf4 Rxg2+
33. Kh1 Rxb2+ 0-1

[Event "FICS rated blitz game"]
[Site "FICS freechess.org"]
[Date "2018.01.31"]
[Round "?"]
[White "bobbydaffy"]
[Black "rzelt"]
[Result "1-0"]
[WhiteElo "1375"]
[BlackElo "1210"]
[PlyCount "37"]
[EventDate "2018.??.??"]
[EventType "blitz"]

1. e4 e5 2. Nf3 Nc6 3. c3 a6 4. Bc4 h6 5. d4 exd4 6. cxd4 Qf6 7. e5 Qf5 8. O-O
f6 9. Bd3 Qe6 10. Bg6+ Kd8 11. d5 Qe7 12. dxc6 bxc6 13. exf6 Nxf6 14. Re1 Qc5
15. Nc3 Bb7 16. Ne4 Nxe4 17. Rxe4 Be7 18. Be3 Qb4 19. Rxb4 {Black resigns} 1-0

[Event "FICS rated blitz game"]
[Site "FICS freechess.org"]
[Date "2018.01.31"]
[Round "?"]
[White "kiknit"]
[Black "Baweja"]
[Result "0-1"]
[WhiteElo "1503"]
[BlackElo "1451"]
[PlyCount "52"]
[EventDate "2018.??.??"]
[EventType "blitz"]

1. e4 e5 2. Nf3 Nc6 3. c3 Bc5 4. Bb5 d6 5. O-O Nf6 6. d4 Bb6 7. dxe5 Nxe4 8.
exd6 Nxd6 9. Re1+ Be6 10. Bxc6+ bxc6 11. Ng5 Qf6 12. Nxe6 Qxf2+ 13. Kh1 fxe6
14. Rxe6+ Kd7 15. Re2 Qf5 16. Qe1 Raf8 17. Nd2 Nc4 18. Nf3 h6 19. Re7+ Kc8 20.
Rxg7 h5 21. Qe7 h4 22. Bg5 h3 23. Rf1 hxg2+ 24. Kxg2 Qh3+ 25. Kh1 Rxf3 26. Rxf3
Qxh2# {White checkmated} 0-1

[Event "FICS rated blitz game"]
[Site "FICS freechess.org"]
[Date "2018.01.31"]
[Round "?"]
[White "CMoniz"]
[Black "DiduLudidu"]
[Result "0-1"]
[WhiteElo "1434"]
[BlackElo "1625"]
[PlyCount "108"]
[EventDate "2018.??.??"]
[EventType "blitz"]

1. e4 e5 2. Nf3 Nc6 3. c3 Nf6 4. Qc2 d6 5. d4 Be7 6. d5 Nb8 7. Bb5+ Bd7 8.
Bxd7+ Nbxd7 9. O-O O-O 10. c4 Nc5 11. Nc3 a5 12. Be3 Nfd7 13. a3 Qe8 14. b4
axb4 15. axb4 Rxa1 16. Rxa1 Na6 17. Qb3 f5 18. b5 Nac5 19. Qc2 f4 20. Bd2 Qh5
21. Na4 Nxa4 22. Rxa4 Nc5 23. Ra7 g5 24. Ba5 g4 25. Ne1 Bh4 26. Bxc7 g3 27.
hxg3 fxg3 28. f3 Be7 29. Kf1 Bg5 30. Bxd6 Rc8 31. Bxc5 Rxc5 32. Rxb7 Bf4 33.
Qa2 Rc8 34. Qa7 Qh1+ 35. Qg1 Qh6 36. Qb6 Be3 37. Qxh6 Bxh6 38. d6 Rxc4 39. d7
Bg5 40. b6 Rd4 41. Rb8+ Kg7 42. b7 Rb4 43. d8=Q Bxd8 44. Rxd8 Rxb7 45. Rd6 Rb2
46. Nd3 Rb1+ 47. Ke2 Rg1 48. Nxe5 Rxg2+ 49. Kf1 Rb2 50. Rd7+ Kg8 51. f4 h5 52.
f5 h4 53. f6 Rf2+ 54. Kg1 Rxf6 0-1

[Event "FICS rated blitz game"]
[Site "FICS freechess.org"]
[Date "2018.01.31"]
[Round "?"]
[White "bakonyi"]
[Black "Solista"]
[Result "1-0"]
[WhiteElo "1958"]
[BlackElo "1913"]
[PlyCount "75"]
[EventDate "2018.??.??"]
[EventType "blitz"]

1. e4 e5 2. Nf3 Nc6 3. c3 Nf6 4. d4 Nxe4 5. d5 Nb8 6. Nxe5 Be7 7. Bd3 Nf6 8. c4
d6 9. Nf3 h6 10. O-O Bg4 11. Nbd2 O-O 12. h3 Bxf3 13. Qxf3 Nbd7 14. b3 Ne5 15.
Qe2 Nxd3 16. Qxd3 Qd7 17. Bb2 Rfe8 18. Rae1 c6 19. Qg3 cxd5 20. cxd5 Kh8 21.
Ne4 Qf5 22. Bxf6 Bxf6 23. Nxd6 Qd7 24. Nxe8 Rxe8 25. Rxe8+ Qxe8 26. Rd1 Qd7 27.
d6 g5 28. Qg4 Qd8 29. d7 Kg7 30. Qc4 Kf8 31. Qc8 Be7 32. Qxb7 f5 33. Qc6 Kf7
34. Qxh6 Qa5 35. Qh7+ Kf6 36. Qh8+ Kf7 37. d8=Q Bxd8 38. Qxd8 {Black resigns}
1-0

[Event "FICS rated blitz game"]
[Site "FICS freechess.org"]
[Date "2018.01.31"]
[Round "?"]
[White "willyaplayme"]
[Black "lfbpad"]
[Result "1-0"]
[WhiteElo "1415"]
[BlackElo "1440"]
[PlyCount "61"]
[EventDate "2018.??.??"]
[EventType "blitz"]

1. e4 e5 2. Nf3 Nc6 3. c3 Be7 4. g3 Nf6 5. Qe2 O-O 6. d3 d5 7. Bg2 dxe4 8. dxe4
Be6 9. Nbd2 Bd6 10. Ng5 Qd7 11. Nxe6 Qxe6 12. Nf3 h6 13. O-O Rae8 14. Re1 Rd8
15. Qf1 Qg4 16. h3 Qg6 17. Nh4 Qh7 18. Nf5 g6 19. Nxh6+ Kh8 20. Qc4 Ne7 21. Bg5
Neg8 22. Nxg8 Nxg8 23. Bxd8 Rxd8 24. Rad1 Rf8 25. Qe2 Nh6 26. Qf3 f5 27. exf5
gxf5 28. Qh5 Kg8 29. Bxb7 f4 30. Bd5+ Kh8 31. g4 {Black resigns} 1-0

[Event "FICS rated blitz game"]
[Site "FICS freechess.org"]
[Date "2018.01.31"]
[Round "?"]
[White "bakonyi"]
[Black "pulsefrequency"]
[Result "1-0"]
[WhiteElo "1981"]
[BlackElo "1976"]
[PlyCount "33"]
[EventDate "2018.??.??"]
[EventType "blitz"]

1. e4 e5 2. Nf3 Nc6 3. c3 f5 4. d4 fxe4 5. Ng5 Nf6 6. d5 Ne7 7. Nd2 e3 8. fxe3
Nexd5 9. Nde4 d6 10. Bc4 Bg4 11. Qb3 h6 12. Nxf6+ Qxf6 13. Ne4 Qh4+ 14. g3 Qh3
15. Bxd5 Qg2 16. Nf6+ gxf6 17. Bxg2 {Black resigns} 1-0

[Event "FICS rated standard game"]
[Site "FICS freechess.org"]
[Date "2018.01.31"]
[Round "?"]
[White "FyFazan"]
[Black "Betadan"]
[Result "1-0"]
[WhiteElo "1649"]
[BlackElo "1700"]
[PlyCount "75"]
[EventDate "2018.??.??"]

1. e4 e5 2. Nf3 Nc6 3. c3 Bc5 4. d4 exd4 5. cxd4 Bb4+ 6. Nc3 Nf6 7. d5 Nxe4 8.
dxc6 Nxc3 9. bxc3 Bxc3+ 10. Bd2 Bxa1 11. cxd7+ Qxd7 12. Qxa1 O-O 13. Be2 Re8
14. Be3 Qg4 15. O-O Qg6 16. Nh4 Qc2 17. Bf3 c6 18. g3 Bh3 19. Rc1 Qa4 20. Bd1
Qe4 21. Bf3 Qd3 22. Bg2 Bxg2 23. Kxg2 Qe4+ 24. Kg1 a6 25. Qb2 b5 26. Ng2 Rad8
27. Nf4 Qf3 28. Qc2 Rc8 29. Bb6 h6 30. Qf5 g5 31. Qf6 gxf4 32. Qxh6 Re6 33.
Qg5+ Rg6 34. Qf5 Re8 35. Bd4 Qd5 36. Qxf4 Re4 37. Qb8+ Kh7 38. Qh8# {Black
checkmated} 1-0

[Event "FICS rated standard game"]
[Site "FICS freechess.org"]
[Date "2018.01.31"]
[Round "?"]
[White "Nidifugous"]
[Black "JoeConrad"]
[Result "1-0"]
[WhiteElo "1484"]
[BlackElo "1343"]
[PlyCount "119"]
[EventDate "2018.??.??"]

1. e4 e5 2. Nf3 Nc6 3. c3 d6 4. a3 Bg4 5. Be2 g6 6. h3 Bxf3 7. Bxf3 Bg7 8. d3
Nge7 9. g4 d5 10. exd5 Nxd5 11. h4 Qd7 12. Be4 O-O-O 13. Bg5 f6 14. Bd2 Rhe8
15. h5 Nf4 16. Qf3 Nxd3+ 17. Bxd3 Qxd3 18. Qxd3 Rxd3 19. hxg6 h6 20. Ke2 e4 21.
b4 Ne5 22. Rh4 Nf3 23. Rh1 Red8 24. Be3 Ne5 25. Rh4 Nc4 26. g5 fxg5 27. Rxe4
Bxc3 28. Nxc3 Rxc3 29. Bxa7 b6 30. g7 Kb7 31. Bxb6 Nxb6 32. Rd1 Rg8 33. Re7 Nc8
34. Rf7 Rxa3 35. Rdd7 Rc3 36. Kd2 Rc6 37. Rf8 Rxg7 38. Rxg7 Rd6+ 39. Kc3 Rc6+
40. Kb3 Nd6 41. Rf6 g4 42. Rxh6 Nf5 43. Rxc6 Kxc6 44. Rxg4 Ne7 45. f4 Kd5 46.
Ka4 Nc6 47. b5 Nd4 48. Ka5 Nb3+ 49. Ka6 Nc5+ 50. Ka5 Nd7 51. Rg5+ Ke6 52. f5+
Kf6 53. Rh5 Nc5 54. Kb4 Nd7 55. Kc4 Ne5+ 56. Kd5 Nd7 57. Kc6 Ne5+ 58. Kxc7 Nc4
59. b6 Nxb6 60. Kxb6 {Black resigns} 1-0

[Event "FICS rated blitz game"]
[Site "FICS freechess.org"]
[Date "2018.01.31"]
[Round "?"]
[White "Tensecterror"]
[Black "Zilvio"]
[Result "0-1"]
[WhiteElo "1321"]
[BlackElo "1384"]
[PlyCount "34"]
[EventDate "2018.??.??"]
[EventType "blitz"]

1. e4 e5 2. Nf3 Nc6 3. c3 d6 4. d4 Be7 5. d5 Nb8 6. Bb5+ Bd7 7. Qa4 a6 8. O-O
Bxb5 9. Qb4 Bxf1 10. Qxb7 Nd7 11. Kxf1 Ngf6 12. Nbd2 O-O 13. a4 Nc5 14. Qb4 Rb8
15. Qc4 Qd7 16. b4 Nxa4 17. Qxa6 Nxc3 {White resigns} 0-1

[Event "FICS rated blitz game"]
[Site "FICS freechess.org"]
[Date "2018.01.31"]
[Round "?"]
[White "tobysadog"]
[Black "negrone"]
[Result "0-1"]
[WhiteElo "1171"]
[BlackElo "1211"]
[PlyCount "66"]
[EventDate "2018.??.??"]
[EventType "blitz"]

1. e4 e5 2. Nf3 Nc6 3. c3 Nf6 4. d3 d5 5. exd5 Nxd5 6. Be2 Bc5 7. h3 Nf4 8.
Bxf4 exf4 9. Nbd2 O-O 10. Ne4 Bb6 11. Qd2 Bf5 12. Qxf4 g6 13. Qh6 f6 14. Neg5
fxg5 15. Nxg5 Qe7 16. O-O-O Bxf2 17. g4 Be3+ 18. Kb1 Bxg5 19. Qxf8+ Rxf8 20.
gxf5 Qxe2 21. Rde1 Qxd3+ 22. Ka1 Rxf5 23. h4 Bf6 24. h5 g5 25. h6 Qd2 26. Rd1
Qe2 27. Rhe1 Qa6 28. Kb1 Ne5 29. Rd5 c6 30. Rd6 Rf1 31. Rxf1 Qxf1+ 32. Kc2 Nc4
33. Re6 Qf5+ {White resigns} 0-1

[Event "FICS rated standard game"]
[Site "FICS freechess.org"]
[Date "2018.01.31"]
[Round "?"]
[White "Pirusalem"]
[Black "trapik"]
[Result "1/2-1/2"]
[WhiteElo "1553"]
[BlackElo "1372"]
[PlyCount "102"]
[EventDate "2018.??.??"]

1. e4 e5 2. Nf3 Nc6 3. c3 a6 4. d4 exd4 5. cxd4 Nf6 6. d5 Na5 7. Bg5 b5 8. Bxf6
Qxf6 9. Nc3 Bb4 10. Qd4 Qxd4 11. Nxd4 Nc4 12. Bxc4 bxc4 13. Rc1 O-O 14. O-O Be7
15. Nce2 Bg5 16. Rxc4 d6 17. Rxc7 Bg4 18. f3 Bh5 19. g4 Bg6 20. f4 Bd8 21. f5
Bh5 22. Rd7 Bxg4 23. Rxd6 Bg5 24. Rb6 Be3+ 25. Kg2 h5 26. h3 Bxe2 27. Nxe2 Bxb6
28. f6 g6 29. e5 Rfe8 30. d6 Rxe5 31. d7 Rxe2+ 32. Kf3 Rd2 33. Rc1 Rxd7 34. Rc6
Bd4 35. b3 a5 36. Ke4 Ba1 37. a4 Rad8 38. Ra6 Rd4+ 39. Kf3 R4d6 40. Rxa5 Rxf6+
41. Kg2 Rd2+ 42. Kg3 Rd3+ 43. Kh4 Rxb3 44. Ra8+ Kg7 45. a5 Ra3 46. a6 Raxa6 47.
Rb8 Ra4+ 48. Kg5 Ra5+ 49. Kh4 Be5 50. Kg5 Bf4+ 51. Kh4 Bxb8 1/2-1/2

[Event "FICS rated standard game"]
[Site "FICS freechess.org"]
[Date "2018.01.31"]
[Round "?"]
[White "FyFazan"]
[Black "hecklepeckle"]
[Result "1-0"]
[WhiteElo "1663"]
[BlackElo "1762"]
[PlyCount "79"]
[EventDate "2018.??.??"]

1. e4 e5 2. Nf3 Nc6 3. c3 d6 4. d4 Bd7 5. d5 Nce7 6. Bg5 f6 7. Be3 a6 8. Be2
Ng6 9. Nbd2 Be7 10. h3 f5 11. exf5 Bxf5 12. Qb3 Qc8 13. Bg5 Nf6 14. Nh4 Nxh4
15. Bxh4 O-O 16. O-O h6 17. c4 Kh8 18. Rfe1 Qd8 19. Qxb7 Rb8 20. Qxa6 Rxb2 21.
Nf3 Nxd5 22. Bxe7 Nxe7 23. Qa3 Qb8 24. Bd3 Bxd3 25. Qxd3 Nc6 26. Rf1 Rf4 27. g3
Nd4 28. gxf4 Ne2+ 29. Kh2 Nxf4 30. Qf5 Qg8 31. Nh4 Qxc4 32. Ng6+ Nxg6 33. Qxg6
Re2 34. Qg4 Qe4 35. Qxe4 Rxe4 36. a4 Rb4 37. a5 Rb8 38. a6 Ra8 39. a7 g5 40.
Rfb1 {Black resigns} 1-0

[Event "FICS unrated lightning game"]
[Site "FICS freechess.org"]
[Date "2018.01.31"]
[Round "?"]
[White "BayouOn"]
[Black "Nanduxxxx"]
[Result "1-0"]
[WhiteElo "1392"]
[BlackElo "1720"]
[PlyCount "37"]
[EventDate "2018.??.??"]

1. e4 e5 2. Nf3 Nc6 3. c3 a6 4. d4 exd4 5. cxd4 Bb4+ 6. Nc3 Nf6 7. Bd3 O-O 8.
O-O Re8 9. e5 Bxc3 10. bxc3 Nd5 11. Bxh7+ Kxh7 12. Ng5+ Kg8 13. Qh5 d6 14.
Qxf7+ Kh8 15. Qxd5 Be6 16. Nxe6 Qh4 17. Ng5 dxe5 18. g3 Qh6 19. Nf7+ {Black
resigns} 1-0

[Event "FICS rated blitz game"]
[Site "FICS freechess.org"]
[Date "2018.01.31"]
[Round "?"]
[White "proximab"]
[Black "GayanovK"]
[Result "1-0"]
[WhiteElo "1998"]
[BlackElo "1328"]
[PlyCount "57"]
[EventDate "2018.??.??"]
[EventType "blitz"]

1. e4 e5 2. Nf3 Nc6 3. c3 Nf6 4. d4 d6 5. d5 Ne7 6. Bg5 Nh5 7. Bb5+ Bd7 8.
Bxd7+ Qxd7 9. Nxe5 dxe5 10. Qxh5 Ng6 11. O-O Qb5 12. b3 h6 13. Be3 Qd3 14. Qg4
h5 15. Qf5 Rd8 16. c4 Qc2 17. Rc1 Qb2 18. Nc3 a6 19. c5 Qa3 20. Na4 Be7 21. Rc4
Bf6 22. Bc1 Nh4 23. Qh3 Qxc1+ 24. Rcxc1 g5 25. c6 b6 26. Qd3 a5 27. Nc3 g4 28.
Nb5 Rc8 29. d6 {Black resigns} 1-0

[Event "FICS rated standard game"]
[Site "FICS freechess.org"]
[Date "2018.01.31"]
[Round "?"]
[White "CarveItUp"]
[Black "yitian"]
[Result "1-0"]
[WhiteElo "1754"]
[BlackElo "1688"]
[PlyCount "69"]
[EventDate "2018.??.??"]

1. e4 e5 2. Nf3 Nc6 3. c3 Nf6 4. Qc2 d6 5. h3 Be6 6. d4 exd4 7. cxd4 Be7 8. d5
Nxd5 9. exd5 Bxd5 10. Be2 Bxf3 11. Bxf3 O-O 12. O-O d5 13. Bf4 Bd6 14. Bxd6
Qxd6 15. Nc3 d4 16. Ne4 Qf4 17. Rad1 Rad8 18. Nc5 Ne5 19. Nd3 Nxf3+ 20. gxf3
Qxf3 21. Qxc7 Qxh3 22. Qg3 Qf5 23. Kg2 Rd6 24. Qxd6 Qg4+ 25. Qg3 Qe4+ 26. Kg1
h5 27. Rfe1 Qf5 28. Re5 Qd7 29. Rxh5 Qa4 30. b3 Qxa2 31. Qh4 f6 32. Rh8+ Kf7
33. Qh5+ Ke7 34. Qc5+ Kd7 35. Rxf8 {Black resigns} 1-0

[Event "FICS unrated blitz game"]
[Site "FICS freechess.org"]
[Date "2018.01.31"]
[Round "?"]
[White "frankjs"]
[Black "djangoj"]
[Result "1-0"]
[WhiteElo "1425"]
[BlackElo "1023"]
[PlyCount "63"]
[EventDate "2018.??.??"]
[EventType "blitz"]

1. e4 e5 2. Nf3 Nc6 3. c3 Nf6 4. d4 exd4 5. e5 Ng4 6. cxd4 Bb4+ 7. Bd2 Bxd2+ 8.
Nbxd2 O-O 9. Bc4 Re8 10. O-O d5 11. Bd3 g6 12. h3 Nh6 13. Re1 Nf5 14. Nb3 a5
15. Bc2 a4 16. Nc5 b6 17. Nxa4 Nb4 18. Bb3 Bd7 19. Nc3 c6 20. a3 Na6 21. Rc1 c5
22. Ba4 cxd4 23. Nxd4 Bxa4 24. Nxa4 Nxd4 25. Qxd4 b5 26. Nb6 Rb8 27. Nxd5 Rb7
28. Nf6+ Kg7 29. Nxe8+ Qxe8 30. e6+ Kf8 31. exf7 Qxf7 32. Rc8+ {Black resigns}
1-0

[Event "FICS rated standard game"]
[Site "FICS freechess.org"]
[Date "2018.01.31"]
[Round "?"]
[White "CarveItUp"]
[Black "Danubio"]
[Result "1-0"]
[WhiteElo "1758"]
[BlackElo "1663"]
[PlyCount "37"]
[EventDate "2018.??.??"]

1. e4 e5 2. Nf3 Nc6 3. c3 Nf6 4. Qc2 Bc5 5. b4 Bb6 6. b5 Na5 7. d4 Ng4 8. h3
Nf6 9. Nxe5 a6 10. bxa6 bxa6 11. Bd3 Bb7 12. O-O O-O 13. Bg5 h6 14. Bxf6 Qxf6
15. Nxd7 Qg6 16. Nxf8 Rxf8 17. Nd2 Bc8 18. e5 Bxh3 19. Bxg6 {Black resigns} 1-0

[Event "FICS rated lightning game"]
[Site "FICS freechess.org"]
[Date "2018.01.31"]
[Round "?"]
[White "Sasha"]
[Black "hanse"]
[Result "1-0"]
[WhiteElo "1533"]
[BlackElo "1774"]
[PlyCount "61"]
[EventDate "2018.??.??"]

1. e4 e5 2. Nf3 Nc6 3. c3 Nf6 4. d3 d5 5. Be2 dxe4 6. dxe4 Qxd1+ 7. Bxd1 Nxe4
8. O-O Nf6 9. Re1 Bd6 10. Nbd2 Nd7 11. Nc4 f6 12. h3 O-O 13. Nh4 Nc5 14. Nf5
Be7 15. Nxe7+ Nxe7 16. Bf3 c6 17. b4 Ne6 18. Ba3 Re8 19. Nd6 Rd8 20. Ne4 Bd7
21. Rad1 Be8 22. c4 Bf7 23. b5 cxb5 24. Bxe7 Re8 25. Bb4 bxc4 26. Nd6 Rac8 27.
Nxe8 Rxe8 28. Bd5 Rc8 29. Bxe6 Bxe6 30. Rd6 Kf7 31. Red1 1-0